Love of my life

Bibliographic Details
Main Author: Courtney, Caroline
Format: Book
Published: London : Columbine House , 1983
Subjects:

MARC

LEADER 00000cam a2200000 7i4500
001 0000003894
002 000004195
005 20000330.0
020 |a 0851406092 
090 0 0 |a F   |b COU 
100 1 |a Courtney, Caroline 
245 1 0 |a Love of my life   |c Caroline Courtney 
260 |a London :   |b Columbine House ,   |c 1983 
300 |a 230p. ;   |c 21cm. 
650 0 0 |a Romance fiction 
999 |a 030141   |b BUKU   |c PINJAMAN   |e PERPUSTAKAAN KOMUNITI PETALING JAYA 
999 |a 030142   |b BUKU   |c PINJAMAN   |e PERPUSTAKAAN KOMUNITI PETALING JAYA 
999 |a 030143   |b BUKU   |c PINJAMAN   |e PERPUSTAKAAN KOMUNITI PETALING JAYA